[Event "Balkan-ch U10"]
[Site "Tornelo INT"]
[Date "2020.11.01"]
[Round "6"]
[White "Stanica, Andrei"]
[Black "Petrovski, Nikola"]
[Result "1-0"]
[WhiteElo "1074"]
[BlackElo "1279"]
[PlyCount "71"]
[EventDate "2020.10.31"]
[EventType "swiss"]
[EventRounds "7"]
[EventCountry "NET"]
[SourceTitle "EXT 2023"]
[Source "ChessBase"]
[SourceDate "2022.10.05"]
[SourceVersion "1"]
[SourceVersionDate "2022.10.05"]
[SourceQuality "1"]

1. e4 c5 2. Nf3 Nc6 3. Bc4 e6 4. Nc3 Nf6 5. d3 Be7 6. 0-0 0-0 7. Be3 b6 8. h3 Bb7 9. Re1 d6 10. a3 h6 11. Qe2 Qc7 12. Rad1 Rad8 13. Bf4 a6 14. d4 cxd4 15. Nxd4 Nxd4 16. Rxd4 e5 17. Rdd1 exf4 18. Bxa6 Bxa6 19. Qxa6 Ra8 20. Qd3 Nd7 21. Nd5 Qd8 22. Nxf4 Nc5 23. Qd5 Qd7 24. e5 Rad8 25. Ng6 Rfe8 26. Nxe7+ Rxe7 27. exd6 Rxe1+ 28. Rxe1 Qxd6 29. Re8+ Kh7 30. Rxd8 Qxd5 31. Rxd5 g6 32. f3 Kg7 33. Kf2 Kf6 34. Rd6+ Ke5 35. Rxb6 f5 36. Rxg6 1-0

[Event "Balkan-ch U10"]
[Site "Tornelo INT"]
[Date "2020.10.31"]
[Round "2"]
[White "Sava, Robert Gabriel"]
[Black "Petrovski, Nikola"]
[Result "1-0"]
[WhiteElo "1491"]
[BlackElo "1279"]
[PlyCount "63"]
[EventDate "2020.10.31"]
[EventType "swiss"]
[EventRounds "7"]
[EventCountry "NET"]
[SourceTitle "EXT 2023"]
[Source "ChessBase"]
[SourceDate "2022.10.05"]
[SourceVersion "1"]
[SourceVersionDate "2022.10.05"]
[SourceQuality "1"]

1. e4 c5 2. Nf3 Nc6 3. Bb5 Nd4 4. Nxd4 cxd4 5. 0-0 Nf6 6. d3 e5 7. f4 Bd6 8. Nd2 0-0 9. Nc4 Bb8 10. Nxe5 d6 11. Nf3 Bg4 12. h3 Bxf3 13. Qxf3 Qa5 14. Bc4 Bc7 15. Qf2 Qb6 16. Bb3 Rac8 17. Bd2 Rfe8 18. g4 h6 19. g5 Nd7 20. g6 Rf8 21. gxf7+ Kh7 22. Kh1 d5 23. Bxd5 Nf6 24. Bb3 Nh5 25. Qf3 Qg6 26. Rg1 Qc6 27. Qxh5 a5 28. Bd5 Qd6 29. Rg2 Qf6 30. e5 Qe7 31. Qg6+ Kh8 32. Qxg7# 1-0

[Event "Skopje op"]
[Site "Skopje"]
[Date "2019.12.12"]
[Round "9"]
[White "Jancev, Valentin"]
[Black "Petrovski, Nikola"]
[Result "1-0"]
[WhiteElo "1847"]
[BlackElo "1117"]
[PlyCount "119"]
[EventDate "2019.12.06"]
[EventType "swiss"]
[EventRounds "9"]
[EventCountry "MKD"]
[SourceTitle "CBM 193 Extra"]
[Source "ChessBase"]
[SourceDate "2020.01.31"]
[SourceVersion "1"]
[SourceVersionDate "2020.01.31"]
[SourceQuality "1"]

1. d4 Nf6 2. Nf3 g6 3. c4 Bg7 4. Nc3 d6 5. Bg5 0-0 6. Qd2 Bf5 7. Bh6 Nc6 8. Bxg7 Kxg7 9. e3 a5 10. a3 Qd7 11. Bd3 Rad8 12. Qc2 Bxd3 13. Qxd3 Qg4 14. 0-0 e5 15. Qe2 Ne4 16. Nxe4 Qxe4 17. d5 Nd4 18. Nxd4 exd4 19. Rad1 Rfe8 20. Rfe1 dxe3 21. fxe3 Re7 22. Rd4 Qe5 23. Qd2 b6 24. Rf4 Rde8 25. Ref1 Rf8 26. e4 f6 27. Qf2 Rff7 28. b4 a4 29. c5 b5 30. c6 Re8 31. g4 h6 32. h3 Ree7 33. Kg2 Re8 34. Kg1 Ree7 35. Qf3 Re8 36. Qd3 Rb8 37. h4 Rb6 38. Qe2 Rb8 39. Kg2 f5 40. gxf5 h5 41. f6+ Kh7 42. R1f2 Rb6 43. Qb2 Qxb2 44. Rxb2 Rb8 45. Rbf2 Re8 46. Kf1 Re5 47. Rg2 Kh6 48. Kf2 g5 49. hxg5+ Rxg5 50. Rh2 Re5 51. Ke3 Kg5 52. Rg2+ Kh6 53. Rg7 Rxg7 54. f7 Rxf7 55. Rxf7 h4 56. Rxc7 h3 57. Rc8 Re7 58. Rh8+ Rh7 59. Rxh7+ Kxh7 60. Kf3 1-0